000 00767na a2200229 4500
001 14765
003 MIRAKIL
005 20181213155021.0
008 160831b tu 000 0
020 _a9789752304697
035 _a14765
040 _aMilas
_btur
_cTR-AnCHP
082 _aATA 923.156
_bD23 2008
090 _aATA 923.156 D23 2008
245 _aDahi kurtarıcı
_bBüyük Atatürk'ün en özel fotoğraflarla kronolojik yaşam öyküsü
246 _aBüyük Atatürk'ün en özel fotoğraflarla kronolojik yaşam öyküsü
260 _aİstanbul
_bBoyut Yayın
_c2008
300 _a203 s.
_c22 sm.
600 _aAtatürk, Mustafa Kemal
_d1881- 1938
_xAlbümler
600 _aAtatürk, Mustafa Kemal
_d1881-1938
_xYaşamöyküsü
942 _2dcc
_cBKS
999 _c4875
_d4875